| 000 | 00368nam a2200145Ia 4500 | ||
|---|---|---|---|
| 008 | 210210b1980 xxu||||| |||| 00| 0 eng d | ||
| 082 | _a796.48 SRII | ||
| 100 | _aSRIMAN (R). | ||
| 245 | _aIndia in Moscow olympics. | ||
| 260 |
_aND _bSterling Publishers Pvt Ltd _c1980 |
||
| 300 | _a71 | ||
| 650 | _aOlympics | ||
| 690 | _aAthletic & Outdoor Sports | ||
| 906 | _a034881 | ||
| 999 |
_c85333 _d85333 |
||